Countries that The Simpsons have visited - Statistics

General Stats
  • This quiz has been taken 29 times
  • The average score is 17 of 27
Answer Stats
Hint Answer % Correct
Country Canada
92%
Country Brazil
88%
Country China
84%
Country Japan
84%
Country Mexico
84%
Country Australia
80%
Country Spain
80%
Country UK
80%
Country USA
80%
Country France
76%
Country India
76%
Country Italy
76%
Country Ireland
72%
Country Russia
72%
Country Egypt
64%
Country Israel
64%
Country Cuba
60%
Country Sweden
60%
Country Iceland
52%
Country Netherlands
52%
Country Peru
52%
Country Belgium
48%
Country Morocco
44%
Country Costa Rica
40%
Country Ecuador
32%
Country Tanzania
28%
Country Micronesia
4%
No matching quizzes found
Score Distribution
Percent of People with Each Score
Percentile by Number Answered
Your Score History
You have not taken this quiz